Los estrenos teatrales de Galdós en la crítica de su tiempo / (Record no. 6476)

MARC details
000 -LEADER
campo de control de longitud fija 00810nam a2200229 i 4500
001 - NÚMERO DE CONTROL
campo de control 6476
003 - IDENTIFICADOR DE NÚMERO DE CONTROL
campo de control ES-MaACL
005 - FECHA Y HORA DE LA ÚLTIMA TRANSACCIÓN
campo de control 20250905131221.0
008 - DATOS DE LONGITUD FIJA--INFORMACIÓN GENERAL
campo de control de longitud fija 891123s1988 sp |||| | spa d
020 ## - NÚMERO INTERNACIONAL ESTÁNDAR DEL LIBRO
Número Internacional Estándar del Libro 84-451-0023-8
080 ## - NÚMERO DE LA CLASIFICACIÓN DECIMAL UNIVERSAL
Número de la Clasificación Decimal Universal 86.09-2"18/19"
080 ## - NÚMERO DE LA CLASIFICACIÓN DECIMAL UNIVERSAL
Número de la Clasificación Decimal Universal 86(Perez Galdos,B.2.06)
245 04 - MENCIÓN DEL TÍTULO
Título Los estrenos teatrales de Galdós en la crítica de su tiempo /
Mención de responsabilidad, etc. edición de Ángel Berenguer.
260 ## - PUBLICACIÓN, DISTRIBUCIÓN, ETC.
Lugar de publicación, distribución, etc. Madrid :
Nombre del editor, distribuidor, etc. Comunidad, Consejería de Cultura,
Fecha de publicación, distribución, etc. 1988.
300 ## - DESCRIPCIÓN FÍSICA
Extensión 512 p. :
Otras características físicas il. ;
Dimensiones 26 cm.
500 ## - NOTA GENERAL
Nota general Índices.
600 17 - PUNTO DE ACCESO ADICIONAL DE MATERIA--NOMBRE DE PERSONA
Nombre de persona Pérez Galdós, Benito,
Fechas asociadas al nombre 1843-1920-
Subdivisión general Teatro
Fuente del encabezamiento o término
9 (RLIN) 167584
700 1# - ENTRADA AGREGADA--NOMBRE PERSONAL
Nombre de persona Berenguer, Ángel,
Fechas asociadas al nombre 1943-
9 (RLIN) 27879
710 1# - ENTRADA AGREGADA--NOMBRE DE ENTIDAD CORPORATIVA
Nombre de entidad corporativa o nombre de jurisdicción como elemento de entrada Madrid (Comunidad Autónoma).
Unidad subordinada Consejería de Cultura y Deportes.
9 (RLIN) 5596
852 ## - LOCALIZACIÓN
Ubicación ES-MaACL
Número de control de estantería L-13570
Holdings
Estatus retirado Estado de pérdida Estado de daño No para préstamo Biblioteca de origen Biblioteca actual Ubicación en estantería Fecha de adquisición Fuente de adquisición Total de préstamos Signatura topográfica completa Código de barras Visto por última vez Precio de reemplazo Tipo de ítem Koha
        Biblioteca del Ateneo de Madrid Biblioteca del Ateneo de Madrid Depósito 2 17/01/2008     L-13570 1006596 23/02/2023 23/02/2023 Libro impreso